000 05094cam a22018854i 4500
003 PE-LiUPU
005 20250813165442.0
008 111213s2011 sp a rb 000 0 spa d
020 _a849875173
020 _a9788498751734
035 _a(Sirsi) i9788498751734
040 _aBNM
_erdc
_bspa
_cBNM
_cPE-LiUPU
_erda
049 _aPRUA
080 _a004.738.52
080 _a316.472.4:004.738.52
080 _a658:004
082 _a658.0067
_bC46
100 1 _aCelaya, Javier,
_eautor.
245 1 3 _aLa empresa en la web 2.0 :
_bel impacto de las redes sociales y las nuevas formas de comunicación online en la estrategia empresarial /
_cJavier Celaya.
250 _aprimera edicion.
264 _aBarcelona:
_bGestión 2000,
_c2011.
300 _a317 páginas:
_bilustraciones;
_c23 centimetros
336 _atext
_2rdacontent
337 _aunmediated
_2rdamedia
338 _avolume
_2rdacarrier
504 _aBibliografía: páginas. 315-317.
505 _aDel autor al lector: no estamos preparados para un presente cambiante -- ¿Qué es la web 2.0? -- Visibilidad de la empresa en la web social -- Transformacion del modelo de comunicacion empresarial -- La empresa en las redes sociales -- La consolidacion de los blogs y el videoblogging -- Nanoblogging: Twitter -- Gestion del conocimiento a través de los wikis -- Otra herramienta de la web social -- Escuchar la web: gestión de la reputadcion online -- Redefinicion de las estrategia de comunicaion empresarial-- Hacia dÓnde vamos: tendencias digitales con vision 20/20.
526 _aP203
526 _aP200
526 _aSEG65
526 _aSEG64
526 _aSEG63
526 _aSEG62
526 _aSEG61
526 _aSEG60
526 _aSEG59
526 _aSEG58
526 _aSEG57
526 _aSEG56
526 _aSEG55
526 _aSEG54
526 _aSEG53
526 _aSEG52
526 _aSEG51
526 _aSEG50
526 _aSEG49
526 _aSEG48
526 _aSEG47
526 _aSEG46
526 _aSEG24
526 _aSEG23
526 _aSEG22
526 _aSEG21
526 _aSEG20
526 _aSEG19
526 _aSEG18
526 _aSEG17
526 _aSEG16
526 _aSEG14
526 _aSEG13
526 _aSEG12
526 _aSEG11
526 _aSEG10
526 _aSEG09
526 _aSEG06
526 _aSEG05
526 _aSEG04
526 _aSEG03
526 _aSEG02
526 _aSEG68
526 _aSEG66
526 _aSEG45
526 _aSEG25
526 _aSEG01
526 _aP163
526 _aP162
526 _aP161
526 _aP160
526 _aP159
526 _aP158
526 _aP157
526 _aP156
526 _aP155
526 _aP154
526 _aP153
526 _aP152
526 _aP151
526 _aP150
526 _aP149
526 _aP142
526 _aP141
526 _aP140
526 _aP139
526 _aP138
526 _aP137
526 _aP132
526 _aP131
526 _aP130
526 _aP126
526 _aP125
526 _aP124
526 _aP123
526 _aP115
526 _aP122
526 _aP121
526 _aP116
526 _a P114
526 _aP112
526 _aP111
526 _aP104
526 _aP103
526 _aP102
526 _aP101
526 _aP100
526 _aP96
526 _aP95
526 _aP93
526 _aP92
526 _aP91
526 _aP88
526 _aP83
526 _aP82
526 _aP79
526 _aP78
526 _aP75
526 _aP74
526 _aP71
526 _aP69
526 _a P51
526 _aP49
526 _aP48
526 _aP47
526 _aP33
526 _aP31
526 _a P30
526 _aP29
526 _aP27
526 _aP26
526 _aP25
526 _aP24
526 _a P22
526 _aP10
526 _aP09
526 _a P08
526 _aP06
526 _aP05
526 _aP04
526 _aP01
650 7 _aEmpresas Tecnología de la información.
650 7 _aRedes sociales en Internet.
910 _armch
_btqv
_cemss
_d20160707
942 _2ddc
_cBOOK
949 _a658.0067 C46 2011
_wDEWEY
_c1
_iFJ00712
_lCCODEBUJ1
_mBUJ
_p28.80
_r0
_sY
_tBOOK
_u2016-07-07
_xFCE
_PP04
_0COMPRA
_o.STAFF. Coleccion General Juliaca
994 _aC0
_bPEPRU
596 _a1 3
999 _a658.0067 C42 2011
_wDEWEY
_c23407
_i71133
_d23407
_e2015-10-20
_f2021-11-5
_g7
_lCCODEBUL1
_mBUL
_n1
_p31.60
_q3
_r0
_sY
_tBOOK
_u2015-5-28
_xFCE
_PP27
_0COMPRA
_o.STAFF. Colección General
999 _a658.872 P21
_wDEWEY
_c1
_i66073
_d2019-9-19
_f2019-2-25
_g5
_lREPAIR
_mBUL
_p32.00
_q2
_r0
_sY
_tBOOK
_u2015-7-6
_xFCE
_PP04
_0COMPRA
_o.STAFF. Colección General
999 _a658.0067 C46
_wDEWEY
_c1
_iFJ00712
_d2019-3-4
_e2019-1-30
_f2022-1-31
_g5
_lCCODEBUJ1
_mBUJ
_n2
_p28.80
_r0
_sY
_tBOOK
_u2016-7-7
_xFCE
_PP04
_0COMPRA
_o.STAFF. Coleccion General Juliaca
980 _81
_gALBERTO SANCHEZ Responsable de Automatización